| 000 | 00613nam a22002177a 4500 | ||
|---|---|---|---|
| 003 | URS | ||
| 005 | 20250828100509.0 | ||
| 008 | 250318b ||||| |||| 00| 0 eng d | ||
| 020 | _a0471900788 | ||
| 040 | _cURS | ||
| 050 |
_aLA132 _b.I57 1983 |
||
| 100 |
_911376 _aHolmes, Brian |
||
| 245 | _aInternational Handbook of Education Systems Vol. I Europe and Canada | ||
| 264 |
_aChichester _bJohn Wiley and Sons _c©1983 |
||
| 300 | _a727 pages.,: | ||
| 336 |
_2rdacontent _atext |
||
| 337 |
_2rdamedia _aunmediated |
||
| 338 |
_2rdacarrier _avolume |
||
| 650 | 0 |
_911377 _aComparative Education |
|
| 942 |
_2lcc _cR |
||
| 999 |
_c84970 _d84968 |
||